000 00538nam a2200229Ia 4500
003 OSt
005 20221007082319.0
006 a|||||r|||| 00| 0
007 ta
008 221006b |||||||| |||| 00| 0 eng d
024 _a6,984
037 _cTextual
040 _aFLL
_cFLL
_beng
041 _2eng
_aeng
082 _aZ2,94, L7
100 _aSarathi Au.
_9698997
245 0 _aLaw of evidence
260 _c1977
300 _a327p
_ccm.
942 _hZ2,94, L7
_cTEXL
_2CC
999 _c1166028
_d1166028